00589nam a2200169Ia 4500008004100000082001000041100003300051245005700084250000600141260004500147300000800192600003300200630005700233700003900290700003300329730005700362090124s9999 xx 000 0 und d b32706 aजोषी दिनकर a परतुनि ये घनश्याम ... a1 bश्री प्रकाशनc1995 a165 aजोषी दिनकर a परतुनि ये घनश्याम ... aभागवत स्मिता aजोषी दिनकर a परतुनि ये घनश्याम ...